| 000 | 00429cam a2200169ua 4500 | ||
|---|---|---|---|
| 020 | _c66.00 | ||
| 041 |
_aeng _h |
||
| 082 |
_a634.772 _bSOH/BA |
||
| 100 | _aSoharah R, Gandhi MA . | ||
| 245 |
_aBanana in india / _cMA Gandhi sohrah R. _hTextual Documents |
||
| 260 |
_aNewDelhi : _bIndian council of agricultural , _c1964. |
||
| 300 | _a55 ; . | ||
| 365 | _a66.00 | ||
| 504 | _a | ||
| 942 | _cBK | ||
| 999 |
_c2794 _d2794 |
||